000 00790nmm a2200301 a 4500
003 AR-BaBNM
005 20251128205813.0
008 068119s1995 ||||||||||||||000 | spa||
020 _a950-892-017-3
040 _cAR-BaBNM
100 1 _aFernández, Martha Y.
245 1 0 _aTíteres en la clínica, o, El regreso de la Preciosa
246 1 _aEl regreso de la Preciosa
260 _aBuenos Aires
_b[s.n.]
_c1995
300 0 _a112 p.
_bil.
504 _aBibliografía: p. 111-112
650 4 _aEDUCACION ARTISTICA
650 4 _aTERAPIA DE APOYO
650 4 _aSALUD MENTAL
650 4 _aCREATIVIDAD
650 4 _aJUGUETES
650 4 _aTRASTORNOS EMOCIONALES
650 4 _aPSICOPATOLOGIA
650 4 _aTERAPEUTAS
653 0 _aTITERES
942 _cBK
998 _carturo
999 _c12875
_d12875